000053231 001__ 53231
000053231 005__ 20230317221335.0
000053231 0247_ $$2WOS$$aWOS:000075235001071
000053231 037__ $$aGSI-2013-04230
000053231 041__ $$aEnglish
000053231 082__ $$a540
000053231 1001_ $$0P:(DE-Ds200)OR0469$$aHessberger, Fritz-Peter$$b0$$eCorresponding author$$ugsi
000053231 245__ $$aGSI experiments on the synthesis of superheavy elements
000053231 260__ $$aWashington, DC$$c1998
000053231 3367_ $$0PUB:(DE-HGF)16$$2PUB:(DE-HGF)$$aJournal Article$$bjournal$$mjournal$$s1371827313_2718
000053231 3367_ $$2DRIVER$$aarticle
000053231 3367_ $$2BibTeX$$aARTICLE
000053231 3367_ $$00$$2EndNote$$aJournal Article
000053231 536__ $$0G:(DE-HGF)POF2-899$$a899 - ohne Topic (POF2-899)$$cPOF2-899$$fPOF I$$x0
000053231 588__ $$aDataset connected to Web of Science, , repository.gsi.de
000053231 650_7 $$2WoSType
000053231 773__ $$0PERI:(DE-600)241838-1$$gVol. 216, p. U330 - U330$$pU330 - U330$$tAbstracts of papers$$v216$$x0065-7727$$y1998
000053231 909CO $$ooai:repository.gsi.de:53231$$pVDB
000053231 9101_ $$0I:(DE-Ds200)20121206GSI$$6P:(DE-Ds200)OR0469$$aGSI Helmholtzzentrum für Schwerionenforschung GmbH$$b0$$kGSI
000053231 9131_ $$0G:(DE-HGF)POF2-899$$1G:(DE-HGF)POF2-890$$2G:(DE-HGF)POF2-800$$3G:(DE-HGF)POF2$$4G:(DE-HGF)POF$$aDE-HGF$$bProgrammungebundene Forschung$$lohne Programm$$vohne Topic$$x0
000053231 915__ $$0StatID:(DE-HGF)0040$$2StatID$$aPeer review unknown
000053231 915__ $$0StatID:(DE-HGF)0110$$2StatID$$aWoS$$bScience Citation Index
000053231 915__ $$0StatID:(DE-HGF)0111$$2StatID$$aWoS$$bScience Citation Index Expanded
000053231 915__ $$0StatID:(DE-HGF)0150$$2StatID$$aDBCoverage$$bWeb of Science Core Collection
000053231 915__ $$0StatID:(DE-HGF)0199$$2StatID$$aDBCoverage$$bThomson Reuters Master Journal List
000053231 915__ $$0StatID:(DE-HGF)0200$$2StatID$$aDBCoverage$$bSCOPUS
000053231 915__ $$0StatID:(DE-HGF)1050$$2StatID$$aDBCoverage$$bBIOSIS Previews
000053231 915__ $$0StatID:(DE-HGF)1120$$2StatID$$aDBCoverage$$bBIOSIS Reviews Reports And Meetings
000053231 9201_ $$0I:(DE-Ds200)SHP-20080822OR107$$kSHP$$lSHE Physik$$x0
000053231 980__ $$ajournal
000053231 980__ $$aVDB
000053231 980__ $$aI:(DE-Ds200)20110830OR107
000053231 980__ $$aI:(DE-Ds200)SHP-20080822OR107
000053231 980__ $$aUNRESTRICTED